Statistiken für Menschen-Wörter in verschiedenen germanischen Sprachen

Klicken Sie hier um das Quiz zu spielen!

Allgemein

  • Dieses Quiz wurde 160 mal gespielt
    (158 seit der letzten Aktualisierung)
  • Das Durchschnittsergebnis liegt bei 21 aus 76

Antwortstatistiken

Antwort% Korrekt
Man
99%
MannMan
99%
Child
95%
Mother
95%
Brother
94%
VaterFather
94%
Friend
94%
Søn
94%
Son
94%
Woman
94%
Sister
92%
Girl
90%
Boy
89%
Daughter
88%
Human
88%
KindKind
50%
Mann
38%
Mor / Moder
33%
Mor / Moder
33%
Mor / Moder
33%
Vader
27%
Fader / Far
25%
Far / Fader
25%
Far / Fader
25%
FrauVrouw
20%
Dottír
19%
Bror
17%
Bror
17%
Bror
17%
Barn
15%
Barn
15%
Barn
15%
TochterDochter
15%
MädchenMeisje
15%
Dotter
14%
MutterMoeder
14%
Vriend
14%
BruderBroer
13%
SchwesterZus
12%
Sønn
11%
JungeJongen
9%
Kvinna
8%
Kvinne
8%
Flicka
7%
Pojke
7%
Søster
7%
Søster
7%
SohnZoon
7%
Mand
6%
Syster
6%
Ven
6%
Datter
5%
Datter
5%
Fađir
5%
Móđir
5%
Sonur
5%
FreundVän
5%
Bróđir
4%
Kvinde
4%
Menneske
4%
Menneske
4%
Pige
4%
Människa
3%
Systir
3%
Venn
3%
Dreng
2%
Jente
2%
Kona
2%
Mađur
2%
MenschMenns
2%
Gutt
1%
Manna
1%
Vinur
1%
Barniđ
0%
Stelpa
0%
Strákur
0%

Verteilung der Resultate

Perzentil nach korrekt beantworteten Fragen

Anzahl Personen mit jedem Resultat

Ihre Resultats-Entwicklung

Sie haben dieses Quiz seit der letzten Aktualisierung nicht gespielt